000 00427nam a2200181Ia 4500
001 10110
005 20260306161807.0
008 260306t2001||||xx |||||||||||||| ||spa||
041 _aESP
082 _aIL 892.6
_bG59
100 _aGoldratt, Eliyahu M.
_eAUT
245 0 _aNecesario, pero no suficiente
260 _c2001
300 _a259 páginas :
_ccm.
650 _aGEN
654 _aCHU
942 _cLIB
_dJUS
_fJUS
_2ddc
_n
999 _c10110
_d10110